Cerita-cerita motivasi untuk pemimpin / (Record no. 903)

000 -LEADER
fixed length control field nam a22 a 4500
003 - CONTROL NUMBER IDENTIFIER
control field AKMAL
005 - DATE AND TIME OF LATEST TRANSACTION
control field 20170505164536.0
008 - FIXED-LENGTH DATA ELEMENTS--GENERAL INFORMATION
fixed length control field 170505s2006 my | e | 000 0 may d
020 ## - INTERNATIONAL STANDARD BOOK NUMBER
International Standard Book Number 9833603920 (kkt.) :
Terms of availability RM18.50
039 #9 - LEVEL OF BIBLIOGRAPHIC CONTROL AND CODING DETAIL [OBSOLETE]
Level of rules in bibliographic description 200903181202
Level of effort used to assign nonsubject heading access points kik3856
Level of effort used to assign subject headings 200705151533
Level of effort used to assign classification azma
Level of effort used to assign subject headings 200703291009
Level of effort used to assign classification nooraini
Level of effort used to assign subject headings 200703291008
Level of effort used to assign classification nooraini
040 ## - CATALOGING SOURCE
Original cataloging agency AKMAL
Transcribing agency AKMAL
049 ## - LOCAL HOLDINGS (OCLC)
Holding library mal
082 04 - DEWEY DECIMAL CLASSIFICATION NUMBER
Classification number 297.18 MOH
Edition number 22
090 00 - LOCALLY ASSIGNED LC-TYPE CALL NUMBER (OCLC); LOCAL CALL NUMBER (RLIN)
Classification number (OCLC) (R) ; Classification number, CALL (RLIN) (NR) 297.18
Local cutter number (OCLC) ; Book number/undivided call number, CALL (RLIN) MOH
100 0# - MAIN ENTRY--PERSONAL NAME
Personal name Mohd. Fadzilah Kamsah,
Titles and words associated with a name Dato',
Dates associated with a name 1951-
9 (RLIN) 1278
245 10 - TITLE STATEMENT
Title Cerita-cerita motivasi untuk pemimpin /
Statement of responsibility, etc. Dato' Mohd. Fadzilah Kamsah, Fauzul Na'im Ishak
260 ## - PUBLICATION, DISTRIBUTION, ETC.
Place of publication, distribution, etc. Batu Caves, Selangor :
Name of publisher, distributor, etc. PTS Millennia,
Date of publication, distribution, etc. 2006
300 ## - PHYSICAL DESCRIPTION
Extent ix, 205ms. ;
Dimensions 22cm.
440 #0 - SERIES STATEMENT/ADDED ENTRY--TITLE
Title Siri inspirasi
9 (RLIN) 1931
650 10 - SUBJECT ADDED ENTRY--TOPICAL TERM
Topical term or geographic name entry element Islamic stories, Malay
9 (RLIN) 1556
650 20 - SUBJECT ADDED ENTRY--TOPICAL TERM
Topical term or geographic name entry element Didactic fiction, Malay
9 (RLIN) 1932
700 0# - ADDED ENTRY--PERSONAL NAME
Personal name Fauzul Na'im Ishak
9 (RLIN) 1933
856 4# - ELECTRONIC LOCATION AND ACCESS
Uniform Resource Identifier <a href="http://pts.com.my/index.php/buku/363/">http://pts.com.my/index.php/buku/363/</a>
Link text Kulit Depan, Ringkasan & Isi Kandungan
942 ## - ADDED ENTRY ELEMENTS (KOHA)
Source of classification or shelving scheme
Koha item type Book
Holdings
Withdrawn status Lost status Source of classification or shelving scheme Damaged status Not for loan Collection code Home library Current library Date acquired Inventory number Total Checkouts Full call number Barcode Date last seen Price effective from Koha item type
          NON-FICTION AKMAL Melaka AKMAL Melaka 05.05.2017 200940   297.18 MOH 201701934 05.05.2017 05.05.2017 Book
Pusat Sumber Maklumat Dato' Haji Sarmin Md Hussin, Akademi Kastam Diraja Malaysia, Melaka
Tel: 06-2331106 | Faks: 06-2313787